| 000 | 00727cam a2200265 4500 | ||
|---|---|---|---|
| 001 | M97518 | ||
| 008 | 090401t1998 xxu||||| |||| 00| 0 eng d | ||
| 035 | _a(Sirsi) u92195 | ||
| 041 | _aeng | ||
| 050 | _a658.3124 | ||
| 100 | _aWatson, Paul | ||
| 245 | _aImplementation of Investors in People standard in construction. | ||
| 260 |
_aAscot, Berks. _bCIOB _c1998 |
||
| 300 | _a7p. ; 30cm. | ||
| 350 | _a0 | ||
| 490 |
_aConstruction Papers _v97 |
||
| 650 | _aCONSTRUCTION INDUSTRY | ||
| 650 | _aINVESTORS IN PEOPLE | ||
| 650 | _aCAREERS, EDUCATION AND TRAINING | ||
| 690 | _aBUILT ENVIRONMENT | ||
| 700 | _aHeath, Paul | ||
| 710 |
_aThe Chartered Institute of Building _92131 |
||
| 942 | _n0 | ||
| 948 | _c18/03/1999 | ||
| 999 |
_c97730 _d97730 |
||